000 003120000a22001450004500
003 MACL
040 _aMACL
090 _c32396
_d32394
100 _aAjaz, Dr. S M
245 _aObjective Sociology
260 _bBright Careers institus
350 _a300
650 _asociology Science
942 _cBOOK
_k301/aja
999 _c32066
_d32066